| 000 | 00764nam a2200193 i 4500 | ||
|---|---|---|---|
| 001 | 46189 | ||
| 003 | ES-MaACL | ||
| 005 | 20230906161336.0 | ||
| 007 | t| | ||
| 008 | 030328s1932 sz ||||1| fre d | ||
| 111 | 2 |
_aConférence pour la Reduction et la Limitation des Armements. _9187 |
|
| 245 | 1 | 0 |
_aConférence pour la Reduction et la Limitation des Armements _b: armes chimiques, incendiaires et bacteriens / _cComité special ; reponse au questionnaire soumis par le Bureau au Comité special. |
| 260 |
_aGenève : _b[s.n., _c1932] ( _fImp. du Journal "Genève") |
||
| 300 |
_a25 p. ; _c33 cm. |
||
| 500 | _aPrecede al tít.: Société des Nations. | ||
| 710 | 2 |
_aSociedad de Naciones. _96682 |
|
| 852 |
_aES-MaACL _j1766-F-1 |
||
| 852 |
_aES-MaACL _j1766-F-2 |
||
| 999 |
_c46189 _d46189 |
||